Ghar Ghar Ki Beat : (Record no. 43883)

MARC details
000 -LEADER
fixed length control field 01232njm a22002537a 4500
005 - DATE AND TIME OF LATEST TRANSACTION
control field 20100906103543.0
007 - PHYSICAL DESCRIPTION FIXED FIELD--GENERAL INFORMATION
fixed length control field sd ammalaaahaa
008 - FIXED-LENGTH DATA ELEMENTS--GENERAL INFORMATION
fixed length control field 100906t xxu||||| |||| 00| 0 hin d
028 ## - PUBLISHER NUMBER
Publisher number N. 52900
Source His Master's Voice
035 ## - SYSTEM CONTROL NUMBER
System control number GR-694
040 ## - CATALOGING SOURCE
Original cataloging agency SED/VEN
100 ## - MAIN ENTRY--PERSONAL NAME
Personal name Dutt, Geeta
9 (RLIN) 18479
245 ## - TITLE STATEMENT
Title Ghar Ghar Ki Beat :
Remainder of title hindustani /
Statement of responsibility, etc by Geeta Dutt & Suman Kalyanpur ; music by Kalyanji Virji Shah; lyric by Gulahan
Medium [sound recording] :
246 ## - VARYING FORM OF TITLE
Title proper/short title घर घर की बात (गीता दत्त ओर सुमन कल्यानपुर)
260 ## - PUBLICATION, DISTRIBUTION, ETC. (IMPRINT)
Place of publication, distribution, etc Dum Dum, India
Name of publisher, distributor, etc His Master's Voice
300 ## - PHYSICAL DESCRIPTION
Extent 1 sound disc [Gramophone record]:
Other physical details analog, 33. 1/3 rpm
Dimensions 10 in
Type of unit Gramophone record
500 ## - GENERAL NOTE
General note Brief record.
505 ## - FORMATTED CONTENTS NOTE
Formatted contents note Sabko Bhagvan Dekh Rha Tu (Ghar Ghar Ki Beat)(Geeta Dutt) सबको भगवन देख रहा तू भाग १ , Upar Wale Ne Jaldi Me (Mohd. Rafi) ऊपर वाले ने जल्दी में भाग २
650 ## - SUBJECT ADDED ENTRY--TOPICAL TERM
Topical term or geographic name as entry element Classical Music
General subdivision Excerpts
Geographic subdivision India
9 (RLIN) 18480
700 ## - ADDED ENTRY--PERSONAL NAME
Personal name Suman Kalyanpur
9 (RLIN) 18481
700 ## - ADDED ENTRY--PERSONAL NAME
Personal name Mohd. Rafi
9 (RLIN) 18482
942 ## - ADDED ENTRY ELEMENTS (KOHA)
Source of classification or shelving scheme Dewey Decimal Classification
Item type Gramaphone Records
Holdings
Withdrawn status Lost status Source of classification or shelving scheme Damaged status Not for loan Home library Current library Date acquired Source of acquisition Total Checkouts Barcode Date last seen Copy number Price effective from Koha item type
    Dewey Decimal Classification   Not For Loan Central Library Central Library 06/09/2010 SED/VEN   GR-694 06/09/2010 1 06/09/2010 Gramaphone Records

© Delhi Public Library
Hit Counter
free hit counter